Confiabilidade aplicada a sistemas de potencia eléctrica
Đã lưu trong:
| Tác giả chính: | |
|---|---|
| Định dạng: | Sách |
| Ngôn ngữ: | Tiếng Bồ Đào Nha |
| Được phát hành: |
Río de Janeiro
Livros Técnicos e Científicos Editora
1981
|
| Những chủ đề: | |
| Các nhãn: |
Thêm thẻ
Không có thẻ, Là người đầu tiên thẻ bản ghi này!
|
MARC
| LEADER | 00000nam a2200000 a 4500 | ||
|---|---|---|---|
| 001 | UCT8239 | ||
| 003 | CL-VaPUC | ||
| 008 | 970326e19810000BL |||||||||||||||||por|d | ||
| 082 | 0 | 4 | |a 621.31 |b CAM |2 21 |
| 100 | 0 | |a Camargo, C. Celso de B |e author |9 379837 | |
| 245 | 1 | 0 | |a Confiabilidade aplicada a sistemas de potencia eléctrica |
| 300 | |a 206 p | ||
| 942 | |c BK | ||
| 945 | |d 19970326 00:00:00 |a nastorga | ||
| 260 | |a Río de Janeiro |b Livros Técnicos e Científicos Editora |c 1981 | ||
| 650 | 7 | |a POTENCIA ELECTRICA |2 CL-VaPUC |9 345463 | |
| 650 | 0 | |a Métodos estadísticos |9 259407 | |
| 650 | 0 | |a Redes eléctricas |9 260139 | |
| 650 | 0 | |a Estática |9 260452 | |
| 650 | 7 | |a TRANSMISORES |2 CL-VaPUC |9 379838 | |
| 583 | |a last modification |c 19970326 00:00:00 |k Rodrigo Vera | ||
| 999 | |c 256758 |d 256756 | ||
| 952 | |0 0 |1 0 |4 0 |6 621_310000000000000_CAM_1981 |7 0 |8 A |9 279687 |a BIBING |b BIBING |d 2019-11-19 |i 3291839 |o 621.31 CAM 1981 |p 3291839 |r 2025-01-20 |w 2019-11-19 |y BK |k EIE | ||
| 952 | |0 0 |1 0 |4 0 |6 621_310000000000000_CAM_1981 |7 0 |8 A |9 279688 |a BIBING |b BIBING |d 2019-11-19 |i 3291847 |o 621.31 CAM 1981 |p 3291847 |r 2025-01-20 |w 2019-11-19 |y BK |k EIE | ||
| 952 | |0 0 |1 0 |4 0 |6 621_310000000000000_CAM_1981 |7 0 |8 A |9 279689 |a BIBING |b BIBING |d 2019-11-19 |i 3291855 |o 621.31 CAM 1981 |p 3291855 |r 2025-01-20 |w 2019-11-19 |y BK |k EIE | ||